=LDR 00000nam 2200000 4500 =001 000594 =005 20250711100557 =035 ##$$a 0010-0725000462 =007 ta =008 250711################a##########0#ind## =020 ##$$a 978-623-307-323-3 =082 ##$$a 398.209 598 =084 ##$$a 398.209 598 BOO p =100 #$$a Books, Tim Pratham =245 1#$$a Pesta Ulang Tahun /$c Tim Pratham Books =250 ##$$a Cetakan Pertama =260 ##$$a Jakarta Timur :$b Badan Pengembangan dan Pembinaan Bahasa,$c 2022 =300 ##$$a 16 hlm : $b ilus. ; $c 29 cm =600 #4$$a Cerita anak Indonesia - Terjemahan =600 #4$$a Literasi-Bahan Bacaan =856 ##$$a TBM AS SUHADA =990 ##$$a TBM03560356